[Event "3rd BSSZ-Aranytiz GM 2019"]
[Site "Budapest"]
[Date "2019.08.25"]
[Round "9.4"]
[White "Polyik, Peter"]
[Black "Csonka, Balazs"]
[Result "0-1"]
[WhiteElo "2328"]
[BlackElo "2472"]
[Annotator "ChessBase"]
[PlyCount "72"]
[EventDate "2019.08.16"]
[EventType "tourn"]
[EventCountry "HUN"]
[SourceTitle "playchess.com"]
[Source "ChessBase"]
[SourceQuality "1"]
[TimeControl "40/5400+30:1800+30"]

1. d4 {[%emt 0:01:04]} Nf6 {[%emt 0:00:07]} 2. Nf3 {[%emt 0:00:06]} d5 {[%emt 0:00:34]} 3. Bf4 {[%emt 0:00:05]} c5 {[%emt 0:00:17]} 4. e3 {[%emt 0:00:04]} Nc6 {[%emt 0:00:04]} 5. Nbd2 {[%emt 0:00:05]} e6 {[%emt 0:00:48]} 6. c3 {[%emt 0:00:06]} Bd6 {[%emt 0:00:17]} 7. Bg3 {[%emt 0:00:06]} O-O {[%emt 0:00:11]} 8. Bd3 {[%emt 0:00:09]} b6 {[%emt 0:00:31]} 9. Qe2 {[%emt 0:05:40]} Bb7 {[%emt 0:00:15]} 10. Rd1 {[%emt 0:00:06]} h6 {[%emt 0:00:13]} 11. e4 {[%emt 0:06:51]} Bxg3 {[%emt 0:02:30]} 12. hxg3 {[%emt 0:00:13]} cxd4 {[%emt 0:03:13]} 13. cxd4 {[%emt 0:06:39]} Nb4 {[%emt 0:19:12]} 14. e5 {[%emt 0:07:17]} Nxd3+ {[%emt 0:00:47]} 15. Qxd3 {[%emt 0:00:05]} Ne4 {[%emt 0:00:07]} 16. Qe3 {[%emt 0:05:56]} Rc8 {[%emt 0:13:33]} 17. Rxh6 {[%emt 0:25:54]} gxh6 {[%emt 0:09:08]} 18. Qxh6 {[%emt 0:00:06]} Qe7 {[%emt 0:00:07]} 19. Nxe4 {[%emt 0:00:08]} dxe4 {[%emt 0:00:07]} 20. Ng5 {[%emt 0:00:06]} f6 {[%emt 0:00:07]} 21. Qg6+ {[%emt 0:00:25]} Qg7 {[%emt 0:00:07]} 22. Qxg7+ {[%emt 0:00:05]} Kxg7 {[%emt 0:00:04]} 23. Nxe6+ {[%emt 0:00:05]} Kf7 {[%emt 0:00:23]} 24. Nxf8 {[%emt 0:00:06]} Kxf8 {[%emt 0:00:15]} 25. exf6 {[%emt 0:02:10]} Bd5 {[%emt 0:04:42]} 26. Kd2 {[%emt 0:09:14]} Kf7 {[%emt 0:00:08]} 27. Rh1 {[%emt 0:01:09]} Kxf6 {[%emt 0:17:58]} 28. b3 {[%emt 0:03:48]} Kg6 {[%emt 0:02:54]} 29. Rc1 {[%emt 0:03:45]} Rxc1 {[%emt 0:08:23]} 30. Kxc1 {[%emt 0:00:05]} b5 {[%emt 0:00:08]} 31. Kd2 {[%emt 0:01:02]} b4 {[%emt 0:00:08]} 32. Ke3 {[%emt 0:01:04]} a5 {[%emt 0:00:35]} 33. f3 {[%emt 0:00:18]} Bxb3 {[%emt 0:01:16]} 34. fxe4 {[%emt 0:01:23]} Bxa2 {[%emt 0:00:16]} 35. Kd2 {[%emt 0:00:08]} a4 {[%emt 0:00:21]} 36. Kc2 {[%emt 0:00:09]} a3 0-1